A charge delivered to the clergy of the diocese of Nova Scotia : at the primary visitation holden in the town of Halifax, in the month of June 1788. By the Right Reverend Charles, Bishop of Nova Scotia.

Bibliographic Details
Corporate Author: Church of England. Diocese of Nova Scotia. Bishop (1787-1816 : Inglis)
Other Authors: Inglis, Charles, 1734-1816
Format: eBook
Language:English
Series:Eighteenth century collections online.
Online Access:Full text online

MARC

Tag First Indicator Second Indicator Subfields
LEADER 00000cam a2200000 4500
001 in00001959913
006 m | d |
007 cr |n||||||||n
008 880630s1789 xxc|||| s 00| | eng d
005 20260406205827.6
035 |a (CStRLIN)ESTCW16645 
040 |a MWA  |c MWA  |d Cu-RivES  |d CStRLIN  |d Thomson Gale  |d UtOrBLW 
110 2 |a Church of England.  |b Diocese of Nova Scotia.  |b Bishop (1787-1816 : Inglis) 
245 1 2 |a A charge delivered to the clergy of the diocese of Nova Scotia :  |b at the primary visitation holden in the town of Halifax, in the month of June 1788. By the Right Reverend Charles, Bishop of Nova Scotia. 
264 3 |a Halifax [N.S.] :  |b Printed by Anthony Henry; printer to the King's most excellent Majesty,  |c MDCCLXXXIX. [1789] 
300 |a vi,64p. ;  |c 4⁰. 
336 |a text  |b txt  |2 rdacontent 
337 |a computer  |b c  |2 rdamedia 
338 |a online resource  |b cr  |2 rdacarrier 
500 |a Contains also the address of the clergy of Nova Scotia to the Bishop (with his reply), Sunday school regulations, and a description of the recently opened Windsor Academy. 
500 |a Reproduction of original from the British Library. 
510 4 |a Tremaine,  |c 594 
510 4 |a English Short Title Catalog,  |c ESTCW16645. 
533 |a Electronic reproduction.  |b Farmington Hills, Mich. :  |c Thomson Gale,  |d 2003.  |n Available via the World Wide Web.  |n Access limited by licensing agreements  |7 s2003 miunns 
500 |a Electronic resource. 
700 1 |a Inglis, Charles,  |d 1734-1816. 
830 0 |a Eighteenth century collections online. 
856 4 0 |u http://proxy.library.tamu.edu/login?url=https://galenet.galegroup.com/servlet/ECCO?c=1&stp=Author&ste=11&af=BN&ae=W016645&tiPG=1&dd=0&dc=flc&docNum=CW117912758&vrsn=1.0&srchtp=a&d4=0.33&n=10&SU=0LRF&locID=txshracd2898  |z Full text online  |t 0 
999 |a MARS 
999 f f |s bd9d5bd5-bfc3-3aca-acfd-7edead5e2706  |i fa721d3c-8f13-30b9-a9fc-e1a764d28691  |t 0 
952 f f |a Texas A&M University  |b College Station  |c Electronic Resources  |s www_evans  |d Available Online  |t 0  |h No information provided 
998 f f |t 0  |l Available Online